| 000 | 00407nas a22001577a 4500 | ||
|---|---|---|---|
| 005 | 20140109155052.0 | ||
| 006 | a|||||r|||| 00| 0 | ||
| 007 | ta | ||
| 008 | 140109b xxu||||| |||| 00| 0 eng d | ||
| 245 |
_aBrainwave / _cedited by Sasikanth C. |
||
| 260 |
_aMumbai _bAmar Chitra Katha _c2013- |
||
| 300 |
_av. _c24 cm (Pbk) |
||
| 310 | _aMonthly | ||
| 700 | _aSasikanth C., ed. | ||
| 942 |
_2ddc _cSR _hS _s1 |
||
| 999 |
_c81772 _d81772 |
||